[Event "Bastia CC Winter op 34th"]
[Site "Bastia"]
[Date "2009.01.23"]
[Round "6"]
[White "Humeau, Cyril"]
[Black "Ferreira, Antonio Viriato"]
[Result "1-0"]
[WhiteElo "2203"]
[BlackElo "1870"]
[PlyCount "59"]
[EventDate "2009.01.18"]
[EventType "swiss"]
[EventRounds "7"]
[EventCountry "FRA"]
[SourceTitle "EXT 2010"]
[Source "ChessBase"]
[SourceDate "2010.11.25"]
[SourceVersion "1"]
[SourceVersionDate "2010.11.25"]
[SourceQuality "1"]

1. e4 c5 2. b4 cxb4 3. a3 bxa3 4. Nf3 g6 5. Nxa3 d6 6. d4 Bg7 7. Bd3 Nf6 8. 0-0 0-0 9. c3 Bg4 10. Be3 Nc6 11. c4 a6 12. Nc2 Rc8 13. h3 Bxf3 14. gxf3 Nh5 15. f4 e5 16. fxe5 dxe5 17. d5 Nd4 18. Nxd4 exd4 19. Bd2 Qh4 20. Qg4 Bf6 21. f4 Rfe8 22. e5 Be7 23. Kg2 Ng7 24. Qxh4 Bxh4 25. Rfb1 Rb8 26. Rb3 Rec8 27. Rab1 Rc7 28. d6 Rd7 29. c5 Ne6 30. c6 1-0

[Event "Bastia CC Winter op 34th"]
[Site "Bastia"]
[Date "2009.01.22"]
[Round "5"]
[White "Ferreira, Antonio Viriato"]
[Black "Rossi, Pascal"]
[Result "1-0"]
[WhiteElo "1870"]
[BlackElo "1852"]
[PlyCount "87"]
[EventDate "2009.01.18"]
[EventType "swiss"]
[EventRounds "7"]
[EventCountry "FRA"]
[SourceTitle "EXT 2010"]
[Source "ChessBase"]
[SourceDate "2010.11.25"]
[SourceVersion "1"]
[SourceVersionDate "2010.11.25"]
[SourceQuality "1"]

1. e4 c5 2. c3 d6 3. Nf3 Nf6 4. g3 Nc6 5. d3 g6 6. Bg2 Bg7 7. Be3 0-0 8. a4 Ng4 9. Bf4 Nge5 10. Na3 Bg4 11. h3 Bd7 12. Nc2 Qb6 13. Rb1 Nxf3+ 14. Bxf3 Ne5 15. Bg2 Bxa4 16. Qd2 c4 17. Bxe5 cxd3 18. Bxg7 dxc2 19. Ra1 Qxb2 20. 0-0 Kxg7 21. Rxa4 Rac8 22. Rb4 Qxc3 23. Qxc3+ Rxc3 24. Rc1 b6 25. Kf1 f5 26. Ke2 Rfc8 27. Kd2 R8c5 28. Rb2 Kf6 29. Rbxc2 Rxc2+ 30. Rxc2 Rxc2+ 31. Kxc2 Ke5 32. exf5 gxf5 33. Kc3 d5 34. f4+ Kd6 35. Kd4 e6 36. Bf1 Kc6 37. Ke5 a5 38. Kxe6 a4 39. Bg2 Kc5 40. Bxd5 b5 41. g4 b4 42. gxf5 b3 43. f6 b2 44. Ba2 1-0